Financie podnikov a odvetví

Guardado en:
Detalles Bibliográficos
Autor principal: Majcher, Milan
Otros Autores: Valach, Josef
Formato: Libro
Lenguaje:eslovaco
Publicado: Bratislava Alfa 1988
Edición:1. vyd.
Etiquetas: Agregar Etiqueta
Sin Etiquetas, Sea el primero en etiquetar este registro!

MARC

LEADER 00000nam a2200000 4500
001 c025276
005 20230116103304.5
041 0 |a slo 
044 |a SK 
245 1 0 |a Financie podnikov a odvetví  |c Milan Majcher, Josef Valach a kol. 
250 |a 1. vyd. 
264 1 |a Bratislava  |b Alfa  |c 1988 
300 |a 457 s. 
100 1 |a Majcher, Milan 
700 1 |a Valach, Josef